Một đêm dài vô tận : Tiểu thuyết trinh thám

שמור ב:
מידע ביבליוגרפי
מחבר ראשי: Christie, Agatha
פורמט: ספר
שפה:Undetermined
יצא לאור: Hà Nội Hội Nhà văn 2000
נושאים:
תגים: הוספת תג
אין תגיות, היה/י הראשונ/ה לתייג את הרשומה!
Thư viện lưu trữ: Trung tâm Học liệu Trường Đại học Cần Thơ
LEADER 00603nam a2200205Ia 4500
001 CTU_93157
008 210402s9999 xx 000 0 und d
082 |a 823.9 
082 |b C555 
100 |a Christie, Agatha 
245 0 |a Một đêm dài vô tận : 
245 0 |b Tiểu thuyết trinh thám 
245 0 |c Agatha Christie 
260 |a Hà Nội 
260 |b Hội Nhà văn 
260 |c 2000 
650 |a English fiction ( vietnamese ),English literature 
650 |y 20th century 
904 |i Trúc,Hải 
980 |a Trung tâm Học liệu Trường Đại học Cần Thơ